header

Descartes and the resilience of rhetoric (Record no. 83343)

MARC details
000 -LEADER
fixed length control field 01645nam a2200409 a 4500
082 04 - DEWEY DECIMAL CLASSIFICATION NUMBER
Classification number 194
100 1# - MAIN ENTRY--AUTHOR NAME
Personal name Carr, Thomas M.,
245 10 - TITLE STATEMENT
Title Descartes and the resilience of rhetoric
260 ## - PUBLICATION, DISTRIBUTION, ETC. (IMPRINT)
Place of publication Carbondale :
Name of publisher Southern Illinois University Press,
Year of publication c1990.
300 ## - PHYSICAL DESCRIPTION
Number of Pages xi, 212 p.
500 ## - GENERAL NOTE
General note Paper edition 2009.
650 #0 - SUBJECT ADDED ENTRY--TOPICAL TERM
Topical Term Rhetoric
Topical Term French language
Topical Term Philosophy, French
856 40 - ELECTRONIC LOCATION AND ACCESS
Uniform Resource Identifier http://site.ebrary.com/lib/rucke/Doc?id=10582735

No items available.

© 2026 Rongo University
Contact us: librarian | system librarian | Rongo university